000 00831nam0a2200289 4500
001 RU\NLR\bibl\67099
005 20250616093725.0
010 _a5-300-02486-4
021 _aRU
_b1999-43242
_92125
035 _a(NLR Aleph) 000065455
090 _a358536
_c358536
100 _a20000126d1999 |||y0rusy50 ca
101 1 _arus
_ceng
102 _aRU
105 _ay |||||||||
200 1 _aМиндаль цветет
_aПламя
_e[Романы
_eПер. с англ.]
_fОливия Уэдсли
210 _aМ.
_cТЕРРА
_d1999
215 _a461, [2] с.
_d21
686 _aШ6(4Вл)67-440.4
700 1 _aУэдсли
_bО.
_gОливия
_4070
801 0 _aRU
_bNLR
_c20000126
_gPSBO
801 1 _aRU
_bNLR
_c20000126
852 _aNLR
_j99-3/17408
942 _cBOOK
980 _aNB